| 000 | 00581nam a22001937a 4500 | ||
|---|---|---|---|
| 999 |
_c14323 _d14323 |
||
| 003 | AR-CdUCM | ||
| 008 | 190422b ||||| |||| 00| 0 spa d | ||
| 040 |
_aMUNICIPALIDAD PROVINCIAL DEL CUSCO _cBIBLIOTECA MUNICIPAL DEL CUSCO |
||
| 082 |
_aEP / 808.3 / _bC95 |
||
| 110 |
_aPublex. _933059 |
||
| 245 |
_aCuentos de Codelin : _bUn viaje a la fantasía / |
||
| 260 |
_aMéxico : _bPublex, _c1962. |
||
| 300 | _c22 cm. | ||
| 505 | _aContenido :Cuentos de Codelin ... | ||
| 650 |
_aCuentos _9217 |
||
| 650 |
_aHistorietas _910786 |
||
| 942 |
_2ddc _cLIBROS |
||
| 945 |
_arum _d2019-04-22 |
||